[Event "HUN-chT 1920"]
[Site "Hungary"]
[Date "2019.12.15"]
[Round "4.6"]
[White "Kaczur, Florian"]
[Black "Bakos, Balazs"]
[Result "1-0"]
[WhiteElo "2464"]
[BlackElo "2404"]
[PlyCount "115"]
[EventDate "2019.11.16"]
[EventType "team-tourn"]
[EventRounds "9"]
[EventCountry "HUN"]
[SourceTitle "CBM 193 Extra"]
[Source "ChessBase"]
[SourceDate "2020.01.31"]
[SourceVersion "1"]
[SourceVersionDate "2020.01.31"]
[SourceQuality "1"]
[WhiteTeam "Paks"]
[BlackTeam "Morihana"]
[WhiteTeamCountry "HUN"]
[BlackTeamCountry "HUN"]

1. e4 c6 2. d4 d5 3. exd5 cxd5 4. Bd3 Nc6 5. c3 g6 6. Bf4 Bg7 7. Nf3 Nh6 8. 0-0 0-0 9. Re1 Nf5 10. Nbd2 Re8 11. b4 Nd6 12. Qb3 Bf5 13. Be2 Ne4 14. Nf1 a5 15. b5 a4 16. Qa3 Na5 17. Ng3 Nxg3 18. hxg3 Nc4 19. Bxc4 dxc4 20. Qc5 Bd3 21. Bc7 Qd7 22. Ne5 Bxe5 23. Rxe5 f6 24. Re3 e6 25. Rae1 Kf7 26. g4 Qd5 27. Qb6 g5 28. f4 h6 29. Bd6 Rad8 30. Qc7+ Kg8 31. Rxe6 Bg6 32. f5 Bf7 33. Rxe8+ Rxe8 34. Rxe8+ Bxe8 35. Qe7 Qf7 36. Qd8 Kg7 37. Be7 Bxb5 38. d5 Qe8 39. Qd6 Qf7 40. a3 Be8 41. Qd8 Bb5 42. Kf2 Kh7 43. Bxf6 Qe8 44. Qc7+ Bd7 45. Qd6 b5 46. Be5 Qf7 47. Ke3 h5 48. Qb8 Be8 49. gxh5 Qxh5 50. Qc7+ Qf7 51. Qxf7+ Bxf7 52. d6 Be8 53. g4 Kg8 54. Bf6 Kf7 55. Bxg5 Bc6 56. Kd4 Ke8 57. Bf4 Kd7 58. g5 1-0

[Event "HUN-chT 1920"]
[Site "Hungary"]
[Date "2019.11.17"]
[Round "2.10"]
[White "Kokeny, Norbert Adrian"]
[Black "Bakos, Balazs"]
[Result "1/2-1/2"]
[WhiteElo "2300"]
[BlackElo "2404"]
[PlyCount "90"]
[EventDate "2019.11.16"]
[EventType "team-tourn"]
[EventRounds "9"]
[EventCountry "HUN"]
[SourceTitle "CBM 193 Extra"]
[Source "ChessBase"]
[SourceDate "2020.01.31"]
[SourceVersion "1"]
[SourceVersionDate "2020.01.31"]
[SourceQuality "1"]
[WhiteTeam "Dunaharaszti"]
[BlackTeam "Morihana"]
[WhiteTeamCountry "HUN"]
[BlackTeamCountry "HUN"]

1. Nf3 Nf6 2. g3 g6 3. b3 Bg7 4. Bb2 d6 5. d4 0-0 6. Bg2 c5 7. 0-0 cxd4 8. Nxd4 d5 9. Nf3 Nc6 10. Na3 Bf5 11. c4 Be4 12. cxd5 Qxd5 13. Qxd5 Nxd5 14. Bxg7 Kxg7 15. Rfc1 Ndb4 16. Nb5 Rfd8 17. a3 Nd5 18. Nfd4 Nxd4 19. Nxd4 Bxg2 20. Kxg2 Nf6 21. Rc4 Rd7 22. Rac1 Rad8 23. Nf3 Ne8 24. a4 Nd6 25. R4c3 f6 26. Ne1 e5 27. Nd3 b6 28. Nb4 Ne4 29. Rc7 Nc5 30. Rxd7+ Rxd7 31. Rc3 Rd2 32. Nd3 Nxd3 33. exd3 Kh6 34. Kf3 Rb2 35. Ke3 f5 36. h3 Rb1 37. Ke2 a5 38. f4 Rb2+ 39. Kf3 exf4 40. Kxf4 Rf2+ 41. Ke3 Rg2 42. Kf3 Rd2 43. Ke3 Rg2 44. Kf3 Rd2 45. Ke3 Rg2 1/2-1/2

[Event "HUN-chT 1718"]
[Site "Hungary"]
[Date "2018.05.06"]
[Round "9.6"]
[White "Bakos, Balazs"]
[Black "Antal, Gergely"]
[Result "0-1"]
[WhiteElo "2423"]
[BlackElo "2525"]
[PlyCount "94"]
[EventDate "2017.11.25"]
[EventType "team-tourn"]
[EventRounds "9"]
[EventCountry "HUN"]
[SourceTitle "EXT 2019"]
[Source "ChessBase"]
[SourceDate "2018.10.10"]
[SourceVersion "1"]
[SourceVersionDate "2018.10.10"]
[SourceQuality "1"]
[WhiteTeam "Penzugyor"]
[BlackTeam "DVTK"]
[WhiteTeamCountry "HUN"]
[BlackTeamCountry "HUN"]

1. d4 f5 2. g3 Nf6 3. Bg2 e6 4. Nd2 d5 5. Nh3 c5 6. c4 dxc4 7. dxc5 c3 8. bxc3 Bxc5 9. Ba3 Nbd7 10. Qb3 Qe7 11. Bxb7 Bxb7 12. Qxb7 Rb8 13. Bxc5 Qxc5 14. Qa6 Rb6 15. Qc4 Qxc4 16. Nxc4 Rc6 17. Ne3 Rxc3 18. 0-0 Ke7 19. Rfd1 Rhc8 20. Rab1 Nb6 21. Nf4 Ne4 22. Rb5 Rxe3 23. fxe3 Nc3 24. Rxb6 axb6 25. Rd2 Ra8 26. Rc2 Ra3 27. Rb2 b5 28. Rb3 Rxb3 29. axb3 e5 30. Nd3 e4 31. Nb4 Nxe2+ 32. Kf2 Nc3 33. Ke1 Kd6 34. Kd2 Nd5 35. Nc2 g6 36. Ke2 Kc6 37. Kd1 Kc5 38. Kd2 Nf6 39. Ke2 Ng4 40. h3 Ne5 41. h4 Nd3 42. Nd4 Kb4 43. h5 Nc1+ 44. Kd1 Nxb3 45. Nc6+ Kc3 46. Ne7 gxh5 47. Nxf5 Kd3 0-1

[Event "HUN-chT 1718"]
[Site "Hungary"]
[Date "2017.12.17"]
[Round "4.6"]
[White "Bakos, Balazs"]
[Black "Terbe, Julianna"]
[Result "1-0"]
[WhiteElo "2423"]
[BlackElo "2263"]
[PlyCount "81"]
[EventDate "2017.11.25"]
[EventType "team-tourn"]
[EventRounds "9"]
[EventCountry "HUN"]
[SourceTitle "EXT 2019"]
[Source "ChessBase"]
[SourceDate "2018.10.10"]
[SourceVersion "1"]
[SourceVersionDate "2018.10.10"]
[SourceQuality "1"]
[WhiteTeam "Penzugyor"]
[BlackTeam "Budapest MTK"]
[WhiteTeamCountry "HUN"]
[BlackTeamCountry "HUN"]

1. d4 d5 2. c4 c6 3. Nf3 Nf6 4. Nc3 dxc4 5. a4 Bf5 6. e3 e6 7. Bxc4 Bb4 8. 0-0 Nbd7 9. Qe2 Bg6 10. e4 0-0 11. Bd3 h6 12. Bf4 Qe7 13. Bg3 Bh5 14. e5 Nd5 15. Nxd5 cxd5 16. Qe3 Bxf3 17. Qxf3 Nb8 18. Bc2 Nc6 19. Qd3 g6 20. h4 h5 21. Rad1 Rfc8 22. Bb1 Qd8 23. Bf4 Qxh4 24. Qe3 Qd8 25. g4 Qh4 26. gxh5 Qxh5 27. Kg2 Qg4+ 28. Bg3 Be7 29. f3 Qg5 30. Qe2 Bf8 31. Rh1 Bg7 32. f4 Qe7 33. Bh4 Qb4 34. Qf2 Ne7 35. Bf6 Kf8 36. Rh7 Bxf6 37. exf6 Ng8 38. Rh8 Rc4 39. f5 gxf5 40. Qg3 Qxb2+ 41. Kg1 1-0

[Event "HUN-chT 1617"]
[Site "Hungary"]
[Date "2017.04.09"]
[Round "9.8"]
[White "Tompa, Janos"]
[Black "Bakos, Balazs"]
[Result "0-1"]
[WhiteElo "2386"]
[BlackElo "2412"]
[PlyCount "94"]
[EventDate "2016.10.30"]
[EventType "team-tourn"]
[EventRounds "9"]
[EventCountry "HUN"]
[SourceTitle "EXT 2018"]
[Source "ChessBase"]
[SourceDate "2017.10.13"]
[SourceVersion "1"]
[SourceVersionDate "2017.10.13"]
[SourceQuality "1"]
[WhiteTeam "Dunaharaszti"]
[BlackTeam "Penzugyor"]
[WhiteTeamCountry "HUN"]
[BlackTeamCountry "HUN"]

1. Nf3 Nf6 2. g3 g6 3. b3 Bg7 4. Bb2 0-0 5. c4 c6 6. Bg2 d5 7. 0-0 a5 8. cxd5 cxd5 9. Nc3 Ne4 10. Rc1 Nc6 11. Na4 Bxb2 12. Nxb2 Qd6 13. Na4 Bg4 14. d3 Nf6 15. Qd2 e5 16. e3 Rad8 17. h3 Bc8 18. Nb6 Bf5 19. g4 Bxd3 20. Qxd3 e4 21. Qb5 exf3 22. Bxf3 Qe6 23. Bg2 Ne4 24. Rfe1 Qf6 25. Qe2 Rfe8 26. f3 Nc3 27. Qb2 d4 28. Na4 Nb4 29. Rxc3 dxc3 30. Qxc3 Qxc3 31. Nxc3 Nc2 32. Rc1 Rxe3 33. Rxc2 Rc8 34. f4 Rexc3 35. Rxc3 Rxc3 36. Bxb7 Rxh3 37. Kf2 Rc3 38. Be4 h6 39. Ke2 Kg7 40. Bd3 h5 41. gxh5 gxh5 42. Kd2 Rc5 43. a3 h4 44. Bf1 Rd5+ 45. Ke3 Rd1 46. Bg2 Rb1 47. b4 h3 0-1

[Event "HUN-chT 1617"]
[Site "Hungary"]
[Date "2016.12.11"]
[Round "4.8"]
[White "Bakos, Balazs"]
[Black "Sardy, Peter"]
[Result "0-1"]
[WhiteElo "2412"]
[BlackElo "2348"]
[PlyCount "90"]
[EventDate "2016.10.30"]
[EventType "team-tourn"]
[EventRounds "9"]
[EventCountry "HUN"]
[SourceTitle "EXT 2018"]
[Source "ChessBase"]
[SourceDate "2017.10.13"]
[SourceVersion "1"]
[SourceVersionDate "2017.10.13"]
[SourceQuality "1"]
[WhiteTeam "Penzugyor"]
[BlackTeam "HVSE Infraplan"]
[WhiteTeamCountry "HUN"]
[BlackTeamCountry "HUN"]

1. d4 Nf6 2. c4 e6 3. Nf3 b6 4. g3 Bb7 5. Bg2 g6 6. 0-0 Bg7 7. Re1 0-0 8. Qc2 d5 9. Nc3 Ne4 10. Bf4 Nxc3 11. Qxc3 Na6 12. Be5 Bh6 13. b4 c6 14. c5 Nc7 15. a4 Ne8 16. h4 bxc5 17. bxc5 f6 18. Bf4 Bxf4 19. gxf4 Qc7 20. e3 Ba6 21. Rab1 Ng7 22. Rb2 Rab8 23. Reb1 Rxb2 24. Qxb2 Bd3 25. Qb7 Qa5 26. Rb4 h5 27. Rb3 Bc2 28. Qb4 Qxb4 29. Rxb4 a5 30. Rb2 Bxa4 31. Bf1 Bd1 32. Nd2 a4 33. Bd3 Bb3 34. Bxg6 f5 35. Nxb3 Rb8 36. Ra2 axb3 37. Rb2 Kf8 38. f3 Ke7 39. e4 Kf6 40. Bh7 Rb4 41. Kf2 Ne8 42. exf5 exf5 43. Ke3 Nc7 44. Rb1 b2 45. Kd2 Nb5 0-1

[Event "HUN-chT 1516"]
[Site "Hungary"]
[Date "2016.04.17"]
[Round "9.7"]
[White "Horvath, David G"]
[Black "Bakos, Balazs"]
[Result "1-0"]
[WhiteElo "2356"]
[BlackElo "2413"]
[PlyCount "167"]
[EventDate "2015.11.07"]
[EventType "team-tourn"]
[EventRounds "11"]
[EventCountry "HUN"]
[SourceTitle "CBM 171 Extra"]
[Source "ChessBase"]
[SourceDate "2016.04.26"]
[SourceVersion "1"]
[SourceVersionDate "2016.04.26"]
[SourceQuality "1"]
[WhiteTeam "Husi"]
[BlackTeam "Penzugyor"]
[WhiteTeamCountry "HUN"]
[BlackTeamCountry "HUN"]

1. c4 Nf6 2. Nc3 e6 3. Nf3 Bb4 4. Qb3 a5 5. a3 Bxc3 6. Qxc3 0-0 7. g3 b6 8. Bg2 Bb7 9. 0-0 d6 10. d3 Nbd7 11. b3 Re8 12. Re1 Nc5 13. Bb2 Qe7 14. Qc2 e5 15. e4 a4 16. b4 Nb3 17. Rad1 c5 18. b5 Bc8 19. h3 Nd7 20. Nd2 Nd4 21. Qc1 Ra7 22. Nf1 Nf8 23. Ne3 Qd8 24. Kh2 Nfe6 25. Rf1 Ng5 26. Bxd4 cxd4 27. Nd5 Ne6 28. f4 Nc5 29. Nb4 Bb7 30. Rde1 Ra8 31. h4 Qc7 32. Bh3 f6 33. f5 Kf7 34. g4 h6 35. g5 hxg5 36. hxg5 Rh8 37. Kg3 Ke7 38. g6 Rh6 39. Bg2 Rah8 40. Rh1 Qb8 41. Bf3 Nb3 42. Qd1 Qf8 43. Bh5 Nc5 44. Rh3 Qa8 45. Rh4 Kd7 46. Qe2 Ke7 47. Reh1 Qb8 48. R1h3 Kd7 49. Qh2 Kc7 50. Bd1 Rxh4 51. Rxh4 Rg8 52. Rh7 Qf8 53. Bc2 Qa8 54. Qh4 Qf8 55. Kf2 Kb8 56. Ke2 Kc7 57. Kd2 Kb8 58. Kc1 Kc7 59. Kb2 Kb8 60. Na2 Kc7 61. Nc1 Nd7 62. Ne2 Qa8 63. Kc1 Qf8 64. Kb2 Qa8 65. Qe1 Nf8 66. Rh4 Nd7 67. Ng3 Qa7 68. Qb4 Qa8 69. Qxa4 Qf8 70. Qb4 Rh8 71. Rh5 Nc5 72. Qd2 Rg8 73. Rh7 Nd7 74. Nh5 Kd8 75. Bb3 Nc5 76. Kc2 Rh8 77. Qh2 d5 78. Nxf6 Qxf6 79. Rxh8+ Kc7 80. cxd5 Qd6 81. Qh4 Nxb3 82. Kxb3 Bxd5+ 83. exd5 Qxd5+ 84. Ka4 1-0

[Event "HUN-chT2 Szechenyi 1516"]
[Site "Hungary"]
[Date "2016.03.20"]
[Round "9"]
[White "Szittar, Antal"]
[Black "Bakos, Balazs"]
[Result "1/2-1/2"]
[WhiteElo "1879"]
[BlackElo "1747"]
[PlyCount "37"]
[EventDate "2015.09.13"]
[EventType "team-tourn"]
[EventRounds "11"]
[EventCountry "HUN"]
[SourceTitle "EXT 2017"]
[Source "ChessBase"]
[SourceDate "2016.10.25"]
[SourceVersion "1"]
[SourceVersionDate "2016.10.25"]
[SourceQuality "1"]
[WhiteTeam "Keszthely Spartacus"]
[BlackTeam "Tapolca Kolcsey"]
[WhiteTeamCountry "HUN"]
[BlackTeamCountry "HUN"]

1. e4 c5 2. Nf3 e6 3. c3 d5 4. exd5 Qxd5 5. d4 Nc6 6. Be3 cxd4 7. cxd4 Nf6 8. Nc3 Qa5 9. Bd2 Qd8 10. Bg5 Be7 11. Bb5 Bd7 12. 0-0 0-0 13. Re1 Nb4 14. Bxd7 Qxd7 15. a3 Nbd5 16. Ne5 Qd8 17. Nxd5 Nxd5 18. Bxe7 Qxe7 19. Rc1 1/2-1/2

[Event "HUN-chT 1516"]
[Site "Hungary"]
[Date "2015.12.06"]
[Round "4.7"]
[White "Groszpeter, Attila"]
[Black "Bakos, Balazs"]
[Result "1-0"]
[WhiteElo "2446"]
[BlackElo "2413"]
[PlyCount "59"]
[EventDate "2015.11.07"]
[EventType "team-tourn"]
[EventRounds "11"]
[EventCountry "HUN"]
[SourceTitle "CBM 169 Extra"]
[Source "ChessBase"]
[SourceDate "2015.12.18"]
[SourceVersion "1"]
[SourceVersionDate "2015.12.18"]
[SourceQuality "1"]
[WhiteTeam "Paks"]
[BlackTeam "Penzugyor"]
[WhiteTeamCountry "HUN"]
[BlackTeamCountry "HUN"]

1. e4 c6 2. d4 d5 3. e5 Bf5 4. Nf3 e6 5. Be2 Ne7 6. 0-0 h6 7. Nbd2 Nd7 8. Nb3 Bh7 9. a4 a6 10. Bd2 Qc7 11. Rc1 Nc8 12. Ne1 Be7 13. Bd3 Bxd3 14. Nxd3 0-0 15. Qg4 Kh7 16. f4 c5 17. f5 exf5 18. Qxf5+ Kg8 19. Nf4 c4 20. Na5 Ndb6 21. Nh5 Qd7 22. Nxg7 Qxf5 23. Nxf5 Bg5 24. Nxh6+ Bxh6 25. Bxh6 Re8 26. b3 Rb8 27. Rf3 Re6 28. Bd2 Ne7 29. Rcf1 cxb3 30. cxb3 1-0

[Event "HUN-chT2 Szechenyi 1415"]
[Site "Hungary"]
[Date "2015.04.26"]
[Round "11.10"]
[White "Gal, Cintia"]
[Black "Bakos, Balazs"]
[Result "1/2-1/2"]
[WhiteElo "1680"]
[BlackElo "1658"]
[PlyCount "48"]
[EventDate "2014.09.07"]
[EventType "team-tourn"]
[EventRounds "11"]
[EventCountry "HUN"]
[SourceTitle "EXT 2016"]
[Source "ChessBase"]
[SourceDate "2015.10.08"]
[SourceVersion "1"]
[SourceVersionDate "2015.10.08"]
[SourceQuality "1"]
[WhiteTeam "Sarvar"]
[BlackTeam "Tapolca"]
[WhiteTeamCountry "HUN"]
[BlackTeamCountry "HUN"]

1. e4 c5 2. Nf3 e6 3. Nc3 Nc6 4. Be2 a6 5. 0-0 Qc7 6. d4 cxd4 7. Nxd4 Nf6 8. Bg5 Be7 9. Re1 0-0 10. Bf3 d6 11. a3 Bd7 12. Qd2 Nxd4 13. Qxd4 Bc6 14. Rad1 Rad8 15. Qe3 b5 16. e5 dxe5 17. Rxd8 Rxd8 18. Bxc6 Qxc6 19. Qxe5 h6 20. Bh4 Rd2 21. Qb8+ Rd8 22. Qg3 Rd2 23. Qb8+ Rd8 24. Qe5 Rd2 1/2-1/2

[Event "HUN-chT 1415"]
[Site "Hungary"]
[Date "2015.03.22"]
[Round "8.2"]
[White "Bakos, Balazs"]
[Black "Nagy, Gabor"]
[Result "1/2-1/2"]
[WhiteElo "2390"]
[BlackElo "2416"]
[PlyCount "26"]
[EventDate "2014.10.12"]
[EventType "team-tourn"]
[EventRounds "9"]
[EventCountry "HUN"]
[SourceTitle "EXT 2016"]
[Source "ChessBase"]
[SourceDate "2015.10.08"]
[SourceVersion "1"]
[SourceVersionDate "2015.10.08"]
[SourceQuality "1"]
[WhiteTeam "Penzugyor"]
[BlackTeam "HVSE Infraplan"]
[WhiteTeamCountry "HUN"]
[BlackTeamCountry "HUN"]

1. d4 Nf6 2. c4 c5 3. d5 e6 4. Nc3 exd5 5. cxd5 d6 6. Nf3 g6 7. Bf4 a6 8. e4 Bg7 9. Qa4+ Bd7 10. Qb3 Qc7 11. a4 Nh5 12. Be3 0-0 13. Be2 Bg4 1/2-1/2

[Event "HUN-chT2 Szechenyi 1415"]
[Site "Hungary"]
[Date "2014.09.07"]
[Round "1.11"]
[White "Cseke, Mihaly"]
[Black "Bakos, Balazs"]
[Result "0-1"]
[WhiteElo "1651"]
[BlackElo "1658"]
[PlyCount "64"]
[EventDate "2014.09.07"]
[EventType "team-tourn"]
[EventRounds "11"]
[EventCountry "HUN"]
[SourceTitle "EXT 2016"]
[Source "ChessBase"]
[SourceDate "2015.10.08"]
[SourceVersion "1"]
[SourceVersionDate "2015.10.08"]
[SourceQuality "1"]
[WhiteTeam "Csuti"]
[BlackTeam "Tapolca"]
[WhiteTeamCountry "HUN"]
[BlackTeamCountry "HUN"]

1. e4 c5 2. Nf3 e6 3. d4 cxd4 4. Nxd4 Nf6 5. Nc3 d6 6. Be2 Be7 7. Be3 Nc6 8. 0-0 0-0 9. f4 a6 10. e5 dxe5 11. Nxc6 bxc6 12. fxe5 Nd7 13. Qd4 Bc5 14. Qe4 Bxe3+ 15. Qxe3 Qc7 16. Rfe1 Nxe5 17. Bxa6 Ng4 18. Qg3 Qxg3 19. hxg3 Bxa6 20. a4 Rab8 21. b3 Rfd8 22. Rad1 h6 23. Ne4 Rd5 24. Rxd5 cxd5 25. Nc5 Bc8 26. a5 Rb5 27. b4 Rxb4 28. a6 Rb8 29. a7 Ra8 30. Ra1 Ne5 31. Nb3 Nc6 32. Na5 Rxa7 0-1

[Event "HUN-chT2 Maroczy 1314"]
[Site "Hungary"]
[Date "2014.04.27"]
[Round "11"]
[White "Bogdan, Dan"]
[Black "Bakos, Balazs"]
[Result "1/2-1/2"]
[WhiteElo "2371"]
[BlackElo "2397"]
[PlyCount "92"]
[EventDate "2013.09.08"]
[EventType "team-tourn"]
[EventRounds "11"]
[EventCountry "HUN"]
[SourceTitle "EXT 2016"]
[Source "ChessBase"]
[SourceDate "2015.10.08"]
[SourceVersion "1"]
[SourceVersionDate "2015.10.08"]
[SourceQuality "1"]
[WhiteTeam "Kisujszallas"]
[BlackTeam "Penzugyor II"]
[WhiteTeamCountry "HUN"]
[BlackTeamCountry "HUN"]

1. c4 Nf6 2. g3 e6 3. Bg2 Be7 4. Nf3 0-0 5. 0-0 b6 6. Ne5 c6 7. d4 Bb7 8. Nc3 d6 9. Nf3 d5 10. cxd5 cxd5 11. Ne5 Nc6 12. Nxc6 Bxc6 13. Bg5 Qd7 14. Qd2 b5 15. Bxf6 Bxf6 16. Rfc1 a5 17. e3 b4 18. Ne2 Rfc8 19. Nf4 Bb5 20. Bf1 Bxf1 21. Kxf1 Be7 22. Nd3 Qb5 23. Kg2 a4 24. b3 g6 25. Rxc8+ Rxc8 26. Rc1 Rxc1 27. Nxc1 axb3 28. axb3 Qc6 29. Ne2 Bd6 30. Qc1 Qa8 31. Qc2 Kg7 32. Nc1 h5 33. h3 e5 34. dxe5 Bxe5 35. Nd3 d4+ 36. f3 Bf6 37. e4 h4 38. g4 Qa1 39. e5 Bg5 40. f4 Qa8+ 41. Kg1 Qf3 42. fxg5 Qg3+ 43. Kf1 Qxh3+ 44. Ke1 Qh1+ 45. Ke2 Qe4+ 46. Kf1 Qh1+ 1/2-1/2

[Event "HUN-chT2 Maroczy 1314"]
[Site "Hungary"]
[Date "2014.04.13"]
[Round "10"]
[White "Izso, Daniel"]
[Black "Bakos, Balazs"]
[Result "1/2-1/2"]
[WhiteElo "2355"]
[BlackElo "2397"]
[PlyCount "57"]
[EventDate "2013.09.08"]
[EventType "team-tourn"]
[EventRounds "11"]
[EventCountry "HUN"]
[SourceTitle "EXT 2016"]
[Source "ChessBase"]
[SourceDate "2015.10.08"]
[SourceVersion "1"]
[SourceVersionDate "2015.10.08"]
[SourceQuality "1"]
[WhiteTeam "Budapest MLTC II"]
[BlackTeam "Penzugyor II"]
[WhiteTeamCountry "HUN"]
[BlackTeamCountry "HUN"]

1. e4 c5 2. Nf3 Nc6 3. d4 cxd4 4. Nxd4 e5 5. Nb5 d6 6. c4 Be7 7. Bd3 Be6 8. b3 Nf6 9. 0-0 0-0 10. N1c3 a6 11. Na3 Rc8 12. Nc2 b5 13. cxb5 Na7 14. Bb2 Nxb5 15. Nxb5 axb5 16. Qe2 Qb6 17. Ne3 b4 18. Kh1 Nd7 19. Bc4 Qb8 20. Nd5 Bg5 21. a4 bxa3 22. Bxa3 Bxd5 23. Bxd5 Nb6 24. Qd3 Rfd8 25. b4 Nxd5 26. exd5 g6 27. b5 e4 28. Qxe4 Qxb5 29. Rab1 1/2-1/2

[Event "HUN-chT 1213"]
[Site "Hungary"]
[Date "2012.11.18"]
[Round "4"]
[White "Bakos, Balazs"]
[Black "Veszpremi, Andras"]
[Result "1-0"]
[WhiteElo "2376"]
[BlackElo "2261"]
[PlyCount "61"]
[EventDate "2012.09.16"]
[EventType "team-tourn"]
[EventRounds "9"]
[EventCountry "HUN"]
[SourceTitle "CBM 151 Extra"]
[Source "ChessBase"]
[SourceDate "2012.12.18"]
[SourceVersion "1"]
[SourceVersionDate "2012.12.18"]
[SourceQuality "1"]
[WhiteTeam "Penzugyor"]
[BlackTeam "Decs"]
[WhiteTeamCountry "HUN"]
[BlackTeamCountry "HUN"]

1. d4 Nf6 2. c4 g6 3. Nc3 Bg7 4. e4 d6 5. Nf3 0-0 6. Be2 e5 7. 0-0 exd4 8. Nxd4 Nc6 9. Nc2 Re8 10. f3 Nd7 11. Kh1 Nc5 12. Bd2 a5 13. Ne3 Nd4 14. Re1 f5 15. exf5 Nxf5 16. Bf1 Qh4 17. Nxf5 Bxf5 18. Be3 Be5 19. Bg1 Ne6 20. g4 Rf8 21. gxf5 Rxf5 22. c5 Nd4 23. Re4 Rf4 24. Rxf4 Qxf4 25. Nd5 Qxf3+ 26. Qxf3 Nxf3 27. Bc4 Kg7 28. Nxc7 Rc8 29. Ne6+ Kh8 30. Rd1 dxc5 31. b3 1-0

[Event "HUN-chT 1112"]
[Site "Hungary"]
[Date "2012.05.06"]
[Round "10"]
[White "Jamrich, Gyorgy"]
[Black "Bakos, Balazs"]
[Result "1/2-1/2"]
[WhiteElo "2311"]
[BlackElo "2390"]
[PlyCount "30"]
[EventDate "2011.09.25"]
[EventType "team-tourn"]
[EventRounds "11"]
[EventCountry "HUN"]
[SourceTitle "EXT 2013"]
[Source "ChessBase"]
[SourceDate "2012.11.22"]
[SourceVersion "1"]
[SourceVersionDate "2012.11.22"]
[SourceQuality "1"]
[WhiteTeam "Tatai Honved"]
[BlackTeam "Penzugyor"]
[WhiteTeamCountry "HUN"]
[BlackTeamCountry "HUN"]

1. e4 c6 2. d4 d5 3. e5 Bf5 4. Nf3 e6 5. Be2 Ne7 6. 0-0 h6 7. c4 dxc4 8. Bxc4 Nd7 9. Nc3 Nb6 10. Bd3 Nbd5 11. Ne4 Nc8 12. a3 Be7 13. Re1 Ncb6 14. Ng3 Bxd3 15. Qxd3 Qd7 1/2-1/2